000 00277nam a2200121 a 4500
008 101022s1964|||| d
100 1 _aKapica, P.
245 1 0 _aPerute bez strachu
260 _bŠport
_aBratislava
_c1964
020 _c12,50
041 _aslo
044 _axo
_cSK
999 _c12034
_d12034